000 01156cam a2200289 a 4500
999 _c273
_d273
001 15592311
003 OSt
005 20190805092057.0
008 090121s2009 nhua b 001 0 eng
010 _a 2009002239
020 _a9780325012032 (alk. paper)
020 _a0325012032 (alk. paper)
035 _a(OCoLC)ocn276820100
040 _aDLC
_cDLC
_dYDX
_dBTCTA
_dCDX
_dYDXCP
_dDLC
082 0 0 _a428 GIB
_222
100 1 _aGibbons, Pauline,
_d1946-
_eauthor
245 1 0 _aEnglish learners, academic literacy, and thinking :
_blearning in the challenge zone /
_cPauline Gibbons ; foreword by Jim Cummings.
260 _aPortsmouth, NH :
_bHeinemann,
_cc2009.
300 _axiii, 192 p. :
_bill. ;
_c24 cm.
504 _aIncludes bibliographical references (p.179-184) and index.
650 0 _aEnglish language
_xStudy and teaching (Middle school)
650 0 _aLanguage arts (Middle school)
700 _aCummings, Jim
_eWriter of foreword
906 _a7
_bcbc
_corignew
_d1
_eecip
_f20
_gy-gencatlg
942 _2ddc
_cNFIC